Sanskrit natak sukti-trangini (Record no. 52531)

MARC details
000 -LEADER
fixed length control field 00359nam a2200145Ia 4500
008 - FIXED-LENGTH DATA ELEMENTS--GENERAL INFORMATION
fixed length control field 230917s9999||||xx |||||||||||||| ||und||
040 ## - CATALOGING SOURCE
-- 154903
Original cataloging agency VIVEKANANDA LIBRARY
041 ## - Language
-- English
082 ## - DDC NUMBER
Classification number 891.28 K898S
100 ## - MAIN ENTRY--PERSONAL NAME
Personal name Krishan Kumar
245 #0 - TITLE STATEMENT
Title Sanskrit natak sukti-trangini
260 ## - PUBLICATION, DISTRIBUTION, ETC. (IMPRINT)
Place of publication, distribution, etc Muradadad
Name of publisher, distributor, etc Mayank prakashan
Date of publication, distribution, etc 1981
300 ## - PHYSICAL DESCRIPTION
Pages 258p p.
942 ## - ADDED ENTRY ELEMENTS (KOHA)
Koha item type Books
Holdings
Withdrawn status Lost status Damaged status Not for loan Location (home branch) Sublocation or collection (holding branch) Date acquired Koha issues (times borrowed) Koha full call number Accession No. Koha date last seen Koha item type
        VIVEKANANDA LIBRARY VIVEKANANDA LIBRARY 18/04/2010   891.28 K898S 121583 17/09/2023 Books
© Designed and Maintained by Vivekananda Library, MDU Rohtak